|
|
|
|
| LEADER |
00000nam0a2200000 4500 |
| 001 |
298678 |
| 005 |
20231102001128.0 |
| 020 |
|
|
|a RU
|b 82-65861
|
| 035 |
|
|
|a (RuTPU)RU\TPU\book\323821
|
| 090 |
|
|
|a 298678
|
| 100 |
|
|
|a 20150619d1982 km y0rusy5003 ca
|
| 101 |
0 |
|
|a rus
|
| 102 |
|
|
|a RU
|
| 105 |
|
|
|a a z 001zy
|
| 200 |
1 |
|
|a Синфазная стратиграфия фанерозоя
|f Ю. М. Малиновский
|
| 210 |
|
|
|a Москва
|c Недра
|d 1982
|
| 215 |
|
|
|a 176 с.
|c ил.
|
| 320 |
|
|
|a Библиогр.: с. 174-175
|
| 606 |
1 |
|
|a Фанерозой
|2 stltpush
|3 (RuTPU)RU\TPU\subj\60545
|9 77826
|
| 610 |
1 |
|
|a стратиграфия
|
| 610 |
1 |
|
|a трансгрессия
|
| 610 |
1 |
|
|a климат
|
| 610 |
1 |
|
|a изменения
|
| 610 |
1 |
|
|a синфазность
|
| 610 |
1 |
|
|a биосферные ритмы
|
| 610 |
1 |
|
|a геохронологическая шкала
|
| 610 |
1 |
|
|a геологические процессы
|
| 610 |
1 |
|
|a периодичность
|
| 675 |
|
|
|a 551.73/.78
|z rus
|v 3
|
| 700 |
|
1 |
|a Малиновский
|b Ю. М.
|g Юрий Михайлович
|
| 801 |
|
0 |
|a RU
|b RuMRKP
|c 19950704
|g psbo
|
| 801 |
|
1 |
|a RU
|b 63413507
|c 20150619
|
| 801 |
|
2 |
|a RU
|b 63413507
|c 20190214
|g RCR
|
| 942 |
|
|
|c BK
|